000 00356nam a2200145Ia 4500
003 OSt
005 20240106153231.0
008 170524s9999 xx 000 0 und d
020 _a9780070221642
040 _ciimt university meerut
100 _aASWATHAPPA- K
245 0 _aINTERNATIONAL BUSINESS
260 _bTATA MCGRAW HILL NEW DELHI
942 _2ddc
_c02
999 _c8124
_d8124